| 000 | 00535nam a22001697a 4500 | ||
|---|---|---|---|
| 003 | 0 | ||
| 005 | 20230616110645.0 | ||
| 008 | 230616b xxu||||| |||| 00| 0 eng d | ||
| 020 | _a971-630-105-7 | ||
| 082 |
_aFil. 808.899282 _bDo659 1999 |
||
| 245 |
_aSi Pilantod: ang asong tatlo ang tuhod _cDolor, Yolanda Guevarra |
||
| 260 |
_aMakati City _bTahanan Books for Young Readers _c1999 |
||
| 300 |
_a54 pp _bill. _c15 cm. |
||
| 500 | _aChildren's stories, Filipino. | ||
| 500 | _aChildren's literature, Philipppine. | ||
| 942 |
_2ddc _cBK |
||
| 999 |
_c364977 _d364977 |
||